Trouves les paroles : Damso, Jok'air - Quoi de neuf bébé - Statistiques

Statistiques générales
  • Ce quiz a été pris 311 fois
  • Le résultat moyen est 240 sur 500
Statistiques - réponses
Paroles % Correct
d'
99%
D'
99%
n'
99%
Quoi
96%
(Quoi
96%
quoi
96%
bébé?)
95%
bébé,
95%
bébé?
95%
bébé
95%
ne
95%
t'
95%
T'
95%
"t'
95%
à
93%
a
93%
es
91%
neuf
90%
neuf,
90%
V,
90%
C'
89%
c'
89%
j'
89%
J'
89%
"j'
89%
dans
88%
Dans
88%
l'
88%
te
87%
bien
83%
bien,
83%
ma
83%
tes
82%
yeux
81%
là,
80%
la
80%
80%
La
80%
pas
80%
va
75%
le
74%
Le
74%
vois
73%
Quand
72%
quand
72%
Ce
71%
avec
69%
les
69%
(Les
69%
Les
69%
larmes
68%
mais
67%
Mais
67%
Essuie
65%
sont
65%
mes
64%
63%
(allons
63%
allons
63%
hommes
63%
moi
63%
sur
62%
ça
61%
toi
61%
toi,
61%
accepte
60%
de
60%
60%
infidèles
60%
papier
60%
Terre
60%
Tous
60%
excuses
58%
suis
57%
loyal,
55%
loyal
55%
tu
54%
Tu
54%
claquer
53%
qui
52%
vie
51%
bitch
49%
restes
43%
est
42%
je
42%
kichta,
42%
mon
42%
j'suis
40%
en
38%
et
35%
souvent
33%
ceux
32%
choix)
32%
choix
32%
n'ont
30%
viennent
30%
fidèles
29%
au
27%
partent,
25%
ouais,
23%
ouais
23%
Ouais
23%
bitches
22%
ces
22%
que
22%
aucune
19%
baby?
19%
inquiète
19%
rentré
19%
chambre
18%
respecte,
18%
ville,
18%
Ah
16%
ah
16%
deux
16%
fois
16%
Coup
15%
love
15%
ta
14%
bah
13%
exemple
13%
Mauvais
13%
négro
13%
vaccinée,
12%
crois
11%
du
11%
aime,
10%
aime"
10%
charmant
10%
Coco
10%
couple
10%
Dior
10%
prince
10%
Chanel
9%
chez
9%
encore
9%
un
9%
caisse
8%
c'papier)
8%
des
8%
oh
8%
parfumes
8%
sent
8%
Besoin
7%
début,
7%
Depuis
6%
drogues
6%
eh
6%
normal,
6%
normal
6%
nous
6%
6%
Rien
6%
rien
6%
d'neuf
5%
dures
5%
incroyable
5%
sans
5%
ton
5%
Coeur
4%
face,
4%
Pardonne
4%
putes,
4%
changera
3%
comme
3%
coulent
3%
J'ai
3%
même
3%
plus
3%
sous
3%
viens
3%
bécane
2%
foudre
2%
fume
2%
liasse
2%
mène
2%
mois
2%
prends
2%
rockstar,
2%
rompre
2%
sors
2%
souffrent
2%
Tiens
2%
Tobias
2%
veux
2%
ailleurs
1%
chute
1%
comprends
1%
concepts
1%
cône
1%
cons'
1%
cul,
1%
écris
1%
fonce
1%
foutre
1%
GAV
1%
Georges
1%
lambeaux
1%
meutre
1%
Monceau
1%
négros
1%
préméditation
1%
Royal
1%
sauvagé
1%
souffle,
1%
trop
1%
voir
1%
après
0%
assoiffées
0%
bédave
0%
boom
0%
cours
0%
crevasse
0%
d'gens
0%
doigt
0%
d'pénétration
0%
écran,
0%
ecsta'
0%
Enfermé
0%
Gunna
0%
incroyabme
0%
l'été
0%
lourd
0%
majeur
0%
Mamidou
0%
Naniuma
0%
parce
0%
Parfois
0%
paume
0%
pétard,
0%
regrette"
0%
remplie
0%
Rondo
0%
serai
0%
seras
0%
Tant
0%
tasses
0%
tenace
0%
Thug
0%
tourbus,
0%
veulent
0%
Aucun quiz correspondant
Distribution des résultats
% des personnes avec chaque résultat
Percentile par nombre de réponses
Votre historique - résultats
Vous n’avez pas pris ce quiz